000 02031pam a2200529 i 4500
001 821777
003 DLC
005 20160913135724.0
008 160109s2016 scua b b 000 1 spa
010 _a 2015037182
020 _a9781628557473 (spanish pbk.)
020 _a1628557478 (spanish pbk.)
035 _a784382
035 _a(OCoLC)934432623
035 _a774177
035 _a(OCoLC)ocn934432623
035 _a774177
035 _a784382
040 _aDLC
_beng
_erda
_cDLC
_dBDX
_dIFA
041 _aspa
042 _alcac
_apcc
049 _aIFAA
099 _f2016
999 _c16198
_d16198
999 _bESPANOL PICTURE BOOKS FIELDS 2016
100 1 _aFields, Terri,
_d1948-
_eauthor.
245 1 3 _aEl domador de tornados /
_cpor Terri Fields ; ilustrado por Laura Jacques.
260 _aMt. Pleasant, SC :
_bArbordale Publishing,
_c[2016]
264 1 _aMt. Pleasant, SC :
_bArbordale Publishing,
_c[2016]
300 _a1 volume (unpaged) :
_bcolor illustrations ;
_c25 cm
336 _atext
_2rdacontent
336 _astill image
_2rdacontent
337 _aunmediated
_2rdamedia
338 _avolume
_2rdacarrier
504 _aIncludes bibliographical references.
520 _aIn this story based on The Emperor's new clothes, when Mayor Peacock commissions Travis the Tornado Tamer to protect the town, the weasel builds a transparent cover that he claims only smart and special people can see. Includes activities.
650 0 _aTricksters
_vJuvenile fiction.
650 0 _aTornadoes
_vJuvenile fiction.
650 0 _aMayors
_vJuvenile fiction.
650 0 _aAnimals
_vJuvenile fiction.
650 0 _aSpanish language materials.
650 7 _aPrestidigitadores
_vNovela juvenil.
_2bidex
650 7 _aTornados
_vNovela juvenil.
_2bidex
650 7 _aAnimales
_vNovela juvenil.
_2bidex
700 1 _aJacques, Laura,
_eillustrator.
776 0 8 _iOnline version:
_aFields, Terri, 1948- author.
_tEl domador de tornados
_dMt. Pleasant, SC : Arbordale Publishing, [2016]
_z9781628557619
_w(DLC) 2016001154
942 _cBK